[Event "Srajber Memorial 08th"]
[Site "Subotica"]
[Date "2003.12.04"]
[Round "7"]
[White "Sedlak, Nikola"]
[Black "Sanduleac, Vasile"]
[Result "0-1"]
[WhiteElo "2543"]
[BlackElo "2480"]
[Annotator "Erenburg,S"]
[PlyCount "60"]
[EventDate "2003.11.06"]
[EventType "tourn"]
[EventRounds "11"]
[EventCountry "YUG"]
[EventCategory "10"]
[SourceTitle "CBM 099"]
[Source "ChessBase"]
[SourceDate "2004.03.30"]
[SourceVersion "1"]
[SourceVersionDate "2004.03.30"]
[SourceQuality "1"]

1. e4 g6 2. d4 Bg7 3. Nc3 c6 4. h4 $5 {Interesting way to fight for an
advantage. More popular is} (4. Nf3 d5 5. h3 {transforming to B15.}) 4... d5 {
Another possibility is} (4... h5 5. Nf3 d5 6. e5 Bg4 7. Be2 Nh6 8. Bf4 e6 9.
Qd2 Nf5 10. Bg5 $14 {1/2-1/2 Shmuter,L-Finkel,A/Rishon Le Ziyyon 1995/CBM 46 
(42)}) 5. e5 {White tried also} (5. Be3 Nh6 6. Qd2 Ng4 7. h5 Nxe3 8. fxe3 e5 9.
O-O-O dxe4 10. Nxe4 O-O 11. hxg6 hxg6 12. Nf3 Bf5 13. Bd3 $16 {1/2-1/2
Moiseenko,A-Eliseev,A/St Petersburg 2001/EXT 2002 (49)}) (5. h5 dxe4 6. Be3 c5
(6... Nf6) 7. d5 Qa5 8. Bd2 e3 9. fxe3 Qc7 10. Qf3 $14 {1-0 David,A-Estival,A/
France 1996/CBM 55 ext (23)}) 5... f6 $6 $146 {Novelty, which, in my opinion,
doesn't promise anything good for black.} ({More logical is} 5... h5 {See 1/
2-1/2 Braga,F-De la Riva Aguado,O/Toledo 1991/CBM 22/[King] (42)}) 6. h5 $1 {
White sacrifices the pawn, but he is going to develop his pieces very quickly.
Thus, he has good chances to get strong initiative.} fxe5 7. dxe5 Bxe5 8. Nf3
Qd6 $6 {Black doesn't succeed to neutralize white's initiative after the
following continuations as well:} (8... Bg4 $6 9. hxg6 Bxf3 (9... hxg6 10. Nxe5
Bxd1 11. Rxh8 $18) 10. Qxf3 hxg6 11. Rxh8 Bxh8 12. Qg4 Kf7 13. Qh3 $40) ({
Probably better was} 8... Bg7 {, saving the dark-squared bishop.} 9. Bf4 Qb6 (
9... Nd7 10. hxg6 Qb6 11. Rb1 (11. gxh7 Qxb2 12. hxg8=Q+ Rxg8) 11... hxg6 12.
Rxh8 Bxh8 13. Bd3 Nf8 14. Ne5 $32) 10. Rb1 Bf5 11. Be5 $44) 9. Nxe5 Qxe5+ 10.
Be3 $44 {White has got the development advantage and weaknesses of dark
squares in black camp only for one pawn!} Bf5 $6 ({Better was} 10... Qf6 11. f4
$1 Nh6 (11... e5 12. fxe5 Qxe5 13. Qd4 $1 $16) 12. Bd4 $36) 11. g4 $1 Be4 ({
Black loses material after} 11... Bxc2 12. Qxc2 d4 13. Qb3 Nd7 14. hxg6 O-O-O
15. Rh5 $18) 12. Bd4 $2 {missing more attractive option.} ({White had quite a
simple way to get a big advantage:} 12. Nxe4 Qxe4 13. Qd4 $1 Nf6 14. Qxe4 Nxe4
15. hxg6 $18) 12... Qf4 13. Rh3 $6 ({Deserves attention:} 13. hxg6 Nf6 (13...
Bxh1 14. g7 $18) 14. Bxf6 Qxf6 (14... exf6 15. Qd4 $16) 15. Nxe4 dxe4 16. Qd2
$16) 13... Nf6 ({After} 13... e5 {white gets an obvious advantage:} 14. Be3 Qf7
15. f3 gxh5 16. fxe4 d4 17. Bxd4 exd4 18. Qxd4 $18) 14. f3 gxh5 (14... Bxc2 15.
Qd2 $1 $16) (14... e5 15. Bf2 O-O 16. Qe2 $16) 15. fxe4 hxg4 16. Re3 ({White
doesn't achieve anything after} 16. Ne2 Qg5 17. Re3 Nxe4 18. Rxe4 dxe4 19. Bxh8
Qh4+ $11) 16... O-O 17. Ne2 Qg5 18. Qd3 $2 {It is already serious mistake.
White should play} (18. exd5 Nxd5 19. Rg3 h5 20. c4 $16) 18... e5 (18... Nxe4
19. Rxe4 dxe4 20. Qb3+ $14) 19. Bc5 Rf7 20. exd5 Nbd7 21. Bd6 $2 {After this
move white loses the bishop and his position becomes hopeless.} ({Of course,
better was} 21. Ba3 {, but black already has strong compensation:} e4 (21...
cxd5 $5 $44) 22. Qd4 (22. Qb3 Ne5 $40 {[%cal Ge5f3]}) 22... Ne5 (22... Nxd5 23.
Rxe4 Qh4+ 24. Kd2 Qg5+ 25. Ke1 Qh4+ $11) 23. Ng1 (23. O-O-O Nxd5 $19) 23...
Qh4+ 24. Kd2 Qh2+ 25. Be2 Nf3+ 26. Nxf3 exf3 $15) 21... Nxd5 22. Rg3 (22. Re4
Rf3 (22... Qf6 $17) 23. Qc4 Qh4+ 24. Kd2 Qh6+ $19) {[%tqu "En","Please enter
the best move for black.","","","g5f6","",10]} 22... Qf6 $1 $17 {Probably this
move was overlooked by white.} 23. Rxg4+ Kh8 24. O-O-O Qxd6 {Black is two
pawns up without any compensation for white.} 25. Qh3 (25. Kb1 $142 $17 {/-+})
25... Qc5 26. Rg3 Rg8 $6 ({More precise was} 26... Raf8 $1 {[%cal Gf7f1]} 27.
Nc3 (27. Bg2 Rf2) 27... Qf2 $19) 27. Rxg8+ Kxg8 {threatening Ne3.} 28. Qe6 ({
White's last chance was} 28. Ng3 Qe3+ 29. Kb1 Kh8 $17 {[%cal Gd5f4] /-+}) 28...
Nf8 29. Qg4+ Kh8 30. Qe4 (30. c3 Qe3+ 31. Kb1 Qf2 $19 {[%cal Gf2f1,Gd5e3]})
30... Qe3+ {winning a bishop.} 0-1

[Event "SCG-ch 1st"]
[Site "Kopaonik"]
[Date "2005.04.03"]
[Round "2"]
[White "Perunovic, Milos"]
[Black "Pikula, Dejan"]
[Result "1-0"]
[WhiteElo "2549"]
[BlackElo "2485"]
[Annotator "Erenburg,S"]
[PlyCount "59"]
[EventDate "2005.04.02"]
[EventType "tourn"]
[EventRounds "13"]
[EventCountry "YUG"]
[EventCategory "11"]
[SourceTitle "CBM 107"]
[Source "ChessBase"]
[SourceDate "2005.08.01"]
[SourceVersion "1"]
[SourceVersionDate "2005.08.01"]
[SourceQuality "1"]

1. e4 d6 2. d4 g6 3. Nc3 Bg7 4. Be3 a6 5. Qd2 b5 {Another possible
continuation is} (5... Nd7 {---> 0-1 Shaw,J-Radjabov,T/Plovdiv 2003/CBM 98/
[Erenburg] (33)}) 6. f4 $5 {[%mdl 4] A fresh idea. White is ready to change
his dark-squared bishop, but he hopes to get a big space and development
advantages. More popular continuations are:} (6. f3 {---> 1-0 Naiditsch,
A-Tischbierek,R/Altenkirchen 2001/CBM 87/[Gofshtein,L] (28)}) (6. a4 {---> 0-1
Bitansky,I-Kantsler,B/Tel Aviv 2002/CBM 93/[Finkel,A] (31)}) (6. O-O-O Bb7 7.
f3 Nd7 8. h4 $13 {0-1 Gufeld,E-Kindermann,S/Dortmund 1983/MCD (42)}) (6. Nf3 {
---> 0-1 Krylov,S-Azmaiparashvili,Z/Istanbul 2000/EXT 2001/[Finkel,A] (29)}) (
6. h4 {---> 1-0 Naiditsch,A-Hickl,J/Germany 2004/CBM 105_01/[Erenburg] (68)}) (
6. Bd3 {---> 1-0 Berezovsky,I-Hickl,J/Germany 2004/CBM 100_01/[Erenburg] (30)})
(6. Nge2 {---> 1-0 Miladinovic,I-Barlov,D/Tivat 1994/CBM 43/[Stohl] (42)}) 6...
Nf6 $146 {A new continuation in a rare position. In the previous games black
tried:} (6... e6 7. Nf3 Bb7 8. Bd3 Nf6 9. e5 Ng4 10. Be4 d5 11. Bd3 Nd7 12. Bg1
Nh6 13. h3 Rc8 14. a4 b4 15. Nd1 Qe7 16. Be3 c5 17. c3 c4 18. Bc2 b3 19. Bb1 a5
20. g4 $36 {1/2-1/2 Sideris,T-Bolis,T/Iraklion 1998/EXT 2004 (50)}) (6... Bb7
7. a3 Nd7 8. Nf3 c5 9. Bd3 Ngf6 10. d5 O-O 11. h3 Qc7 12. O-O c4 13. Be2 Nc5
14. e5 Nce4 15. Nxe4 Nxe4 16. Qd4 Ng3 $17 {1/2-1/2 Zournatsidis,E-Koutsidis,M/
Patras 2000/EXT 2001 (73)}) 7. e5 {[%mdl 4] A logical continuation of the plan
with 6.f4. Black will be able to get a pair of bishops, but his dark-squared
one will be limitted by white's pawn construction in the centre.} Ng4 8. Be2 h5
(8... Nxe3 9. Qxe3 O-O 10. Nf3 f6 11. O-O-O $14) 9. Nf3 d5 {closing the centre.
} 10. h3 {White continues with his conception: He doesn't lose the time for
Bg1, but immediately drives away the black knight.} ({Comes to consideration:} 
10. Bg1 $5 {with following h2-h3.}) 10... Nh6 $6 ({In my opinion, Black should
have continued} 10... Nxe3 $5 11. Qxe3 Bf5 12. Nh4 (12. O-O-O h4 13. Bd3 e6 14.
Bxf5 gxf5 15. g3 hxg3 16. Rdg1 Bf8 17. Rxg3 c5 $13) 12... Bxc2 13. Nxd5 (13.
Rc1 e6 $13) 13... e6 14. Nb4 Qxh4+ 15. g3 Qe7 16. Nxc2 Nd7 $14) 11. Bf2 Bf5 (
11... Nf5 12. O-O-O {[%cal Yg2g4]} h4 13. Bd3 {threatening to win the pawn.} e6
14. Qe1 Bh6 15. Ne2 $18) (11... Be6 {is met by} 12. Ng5) 12. Nh4 $1 {[%cal
Yc3d5,Yh4f5] A very strong move. White threatens to get a pair of bishops, as
well as he threatens with the capture on d5.} Be6 13. a4 $1 {White tries to
create some weakness on the black's queenside.} b4 14. Nd1 {[%cal Yd1e3] The
knight will be transfered to a central position.} a5 15. Ne3 Qd7 16. Bb5 $1 {
White brings the bishop to d3, but first he robs the c6 square from the knight.
} c6 17. Bd3 Na6 18. O-O Nf5 $6 (18... Nc7 $142 19. c3 (19. f5 Nxf5 20. Nexf5
Bxf5 21. Bxf5 gxf5 22. Qg5 Bh6 23. Qxf5 Ne6 $13) 19... Rb8 20. Qe2 $16) 19.
Nhxf5 Bxf5 ({After} 19... gxf5 20. Bh4 {Black will remain with a passive
light-squared bishop.}) 20. Nxf5 gxf5 21. c3 $16 {threatening to win the pawn.
Now Black's position is unpleasant, due to the vulnerable position of his
monarch and a lack of space.} e6 {opening the f8-a3 diagonal for a
dark-squared bishop.} (21... bxc3 {isn't better:} 22. bxc3 Nc7 23. Rab1 $16 {
and black's pieces are disconsolidated, due to the inability to castle:} O-O
24. Qe2 $18) 22. Bxa6 Rxa6 (22... bxc3 23. Qe2 $18) 23. cxb4 axb4 24. Qxb4 $16
{White is a pawn up without any serious compensation from the second player.}
Bf8 25. Qb3 Qa7 {[%cal Yc6c5] trying to carry out c6-c5.} 26. Rfc1 Kd7 27. Qc3
{preparing to move the b-pawn forward .} Qb7 (27... Be7 {doesn't change the
evaluation of position:} 28. b4 Rb8 29. b5 cxb5 30. axb5 Rxa1 31. Rxa1 Qc7 32.
Qb2 $16 {[%cal Ya1b1]}) 28. Bh4 {occupying the h4-d8 diagonal.} Qb4 29. Qd3 {
Black's king is vulnerable, therefore, white keeps the queens on the board.}
Rxa4 $4 ({More resistant was} 29... Qb7 30. Bf6 Rg8 31. Rc2 Qa7 32. Rac1 $16) {
[%tqu "En","Please find the best move for white.","","","d3c2","",10]} 30. Qc2
$1 {winning a rook.} (30. Qc2 Qxd4+ 31. Bf2 $18) 1-0

[Event "Nagykanizsa 1st"]
[Site "Nagykanizsa"]
[Date "2003.11.06"]
[Round "2"]
[White "Antal, Gergely"]
[Black "Vajda, Levente"]
[Result "1-0"]
[WhiteElo "2473"]
[BlackElo "2537"]
[Annotator "Erenburg,S"]
[PlyCount "89"]
[EventDate "2003.11.05"]
[EventType "tourn"]
[EventRounds "11"]
[EventCountry "HUN"]
[EventCategory "11"]
[SourceTitle "CBM 099"]
[Source "ChessBase"]
[SourceDate "2004.03.30"]
[SourceVersion "1"]
[SourceVersionDate "2004.03.30"]
[SourceQuality "1"]

1. e4 g6 2. d4 Bg7 3. Nc3 d6 4. Be3 a6 5. f4 b5 6. Bd3 Bb7 7. Nf3 Nd7 {Black
tried also:} (7... b4 $5 8. Ne2 Nf6 9. e5 (9. Ng3 Nbd7 (9... h5 10. Ng5 h4 11.
Nf1 d5 12. e5 Ne4 13. Nxe4 dxe4 14. Bc4 $16) 10. Qd2 c5 $132) 9... Nd5 10. Bd2
(10. Bf2 Bh6 11. Qd2 Nd7 $132 {[%cal Gc7c5]}) 10... c5 11. c4 bxc3 12. bxc3
cxd4 13. cxd4 O-O 14. O-O $13 {Svidler,P-Beliavsky,A/Dortmund 1998/CBM 66/ (33)
}) ({In case of} 7... Nf6 {white gets good prospects after} 8. e5 Nd5 9. Nxd5
Bxd5 10. Qe2 $36 {[%csl Ge5,Rg7][%cal Ga2a4,Gh2h4,Gh4h5]}) 8. e5 {limitting
the possibilities of the black's dark-squared bishop.} (8. O-O c5 9. Kh1 c4 10.
Be2 b4 11. Na4 Bxe4 12. Bxc4 Ngf6 13. a3 Rc8 14. Bb3 bxa3 15. Rxa3 O-O $11 {
Hertneck,G-Bilek,I/Kecskemet 1990/CBM 20/[King] (40)}) 8... Nh6 $6 $146 {
In my opinion, black had to play more decisively, attacking white's centre
immediately with} (8... c5 {See commented game 1-0 Morozevich,A-Chatalbashev,B/
Plovdiv 2003/CBM 98/[Erenburg] (51)}) (8... Nb6 9. O-O e6 10. a4 b4 11. Ne4 Ne7
12. Bf2 Bxe4 13. Bxe4 Nbd5 14. a5 $1 $14 Nxf4 15. Bxa8 Qxa8 16. Bg3 $16 {
Tiviakov,S-Azmaiparashvili,Z/Groningen 1994/CBM 45}) (8... e6 {1/2-1/2
Beshukov,S-Korotylev,A/Moscow 2002/CBM 88/[Finkel,A] (55)}) 9. Qe2 e6 {Black
doesn't hurry to castle short, but saves all the options.} (9... O-O 10. O-O-O
Ng4 11. Be4 $14) 10. O-O-O Nb6 (10... O-O {was quite dangerous:} 11. h4 $36)
11. Rhg1 {preparing g2-g4.} Nf5 (11... Nd5 12. Nxd5 Bxd5 13. g4 $16) 12. Bxf5 (
{Deserved attention:} 12. Bf2 b4 (12... h5 13. h3 $14) 13. Ne4 Nd5 14. Qd2 h5
15. h3 $14) 12... exf5 (12... gxf5 13. g4 $16) 13. d5 {limitting the
possibilities of light-squared bishop. At the same time, white catches some
space and increases the possibilities of his dark-sqaured bishop.} Nc4 $6 ({
Probably better was} 13... O-O $5 14. Bxb6 (14. Bd4 b4) (14. e6 Qe7 $13 15. Bd4
$141 b4) 14... cxb6 15. Qe3 Rc8 $13) 14. Bd4 dxe5 ({After} 14... O-O $5 {
white can achieve an advantage with} 15. e6 $1 Bxd4 (15... fxe6 16. Bxg7 Kxg7
17. Nd4 Bc8 18. dxe6 $16 {[%cal Gc3d5]}) 16. Nxd4 Qf6 17. Rge1 $14) 15. Nxe5
Nxe5 16. Bxe5 O-O 17. Bxg7 Kxg7 18. Rge1 $14 {White can be satisfied with the
results of the opening. He has a superior pawn structure, his kinght is better,
than opponent's bishop, so white has a good prospects even in the endgame.} Re8
(18... b4 19. Na4 $14) 19. Qxe8 {Right decision to trade the queens, as it
promises white endgame with better chances.} (19. Qd2 Qd6 $11) 19... Qxe8 20.
Rxe8 Rxe8 21. b4 $1 {fixing black's pawns on the queenside.} Rd8 22. g3 Rd6 23.
Kb2 {White's plan is carry out a2-a4, thus, activating his king and creating
some weaknesses in the black camp.} h6 {On the other hand, black tries to
create some counterplay on the kingside, carrying out g6-g5.} (23... c6 24.
dxc6 Rxd1 25. Nxd1 Bxc6 26. Kc3 $16) 24. Kb3 g5 25. a4 bxa4+ 26. Kxa4 $16 Kg6
27. Kb3 Kh5 {Black monarch wants to penetrate into the white camp.} 28. h3 $2 {
Serious mistake, which allows black to get a serious counterplay.} ({Stronger
was} 28. Kc4 $1 Kg4 29. Re1 gxf4 30. gxf4 Rd7 (30... c6 31. Kc5 $18) 31. Kc5
Kxf4 32. Re8 $18 {[%cal Ge8b8]}) 28... gxf4 29. gxf4 Kh4 30. Rd3 Rg6 {
preparing Rg3.} 31. Kc4 $2 {Another inaccuracy. Better was} (31. Re3 $1 Rg3 32.
Re5 $1 Rf3 33. Rxf5 Kxh3 34. Kb2 (34. Kc4 Kg4 35. Rxf7 Rxf4+ 36. Rxf4+ Kxf4)
34... Kg4 35. Rxf7 Rxf4 36. Rxc7 Rxb4+ 37. Ka3 $16) 31... Rg3 32. Rd1 Rf3 $2 {
Now it's black's turn to make a mistake.} ({In my opinion, after} 32... Rg2 $1
{black achieves a draw.} 33. Re1 (33. Kb3 Rg3 $11) (33. d6 cxd6 34. Rxd6 h5 $15
) 33... Rxc2 $11) 33. Ne2 $1 Rf2 $2 {It is very difficult to play without
bishop... Black had to get it into the game with} (33... Bc8 $1 34. Rg1 (34.
Nd4 $2 Rxf4 35. Re1 Re4) 34... Bd7 35. Nd4 Rxf4 36. Rg7 Be8 37. Rg8 Re4 38. Kd3
$1 Kxh3 39. Rh8 $14) 34. Nd4 $1 $16 Rxf4 35. Kc5 h5 {preparing a capture on h3.
} (35... Kxh3 36. Rh1+ $16) (35... Re4 36. Nxf5+ Kg5 37. Nd4 $16) 36. Rd3 $1 {
Strong move. First of all, white defends h3 pawn, thus, doesn't allow black to
get a counterplay quickly. White continues to keep the threat of penetration
into the black camp through the 7-th rank with the rook.} (36. Re1 Kxh3 37. Re7
h4 38. Rxc7 Bxd5 39. Kxd5 Kg2 40. Rxf7 h3 $11) 36... Rf2 (36... Re4 $5 37.
Nxf5+ Kg5 38. Nd4 Bc8 39. c4 $16) 37. Re3 f4 38. Re7 $18 {After white
eliminates the "c" pawn, his d5 pawn becomes unstoppable.} Bc8 39. Rxc7 Bxh3
40. d6 Rg2 ({Black cannot avoid the defeat after} 40... Kg3 {as well:} 41. Rxf7
(41. d7 Bxd7 42. Rxd7 h4 43. Rxf7 h3 $13) 41... f3 42. c4 $1 (42. Rg7+ Kf4 43.
d7 Bxd7 44. Rxd7 h4 $13) 42... h4 43. b5 axb5 44. cxb5 Rf1 45. Rxf3+ Rxf3 46.
Nxf3 Kxf3 47. b6 $18) 41. Rxf7 $18 Rg8 (41... Kg3 42. Kd5 $1 Bg4 43. Ke5 f3 44.
Rxf3+ $18) 42. Rxf4+ Kg3 43. Rf7 h4 44. Nf5+ Bxf5 45. Rxf5 {White correctly
went on RR endgame. He will give his rook for the "h" pawn, but will win
black's rook for his "d" pawn. As the result, he will get a winning PP endgame.
} (45. Rxf5 h3 46. d7 Rh8 47. Rd5 h2 48. Rd1 Kg2 49. Kc6 $18) 1-0

[Event "Minneapolis HB Global op"]
[Site "Minneapolis"]
[Date "2005.05.22"]
[Round "8"]
[White "Ivanov, Alexander"]
[Black "Milov, Vadim"]
[Result "1/2-1/2"]
[WhiteElo "2563"]
[BlackElo "2653"]
[Annotator "Erenburg,S"]
[PlyCount "69"]
[EventDate "2005.05.18"]
[EventType "swiss"]
[EventRounds "9"]
[EventCountry "USA"]
[SourceTitle "CBM 107"]
[Source "ChessBase"]
[SourceDate "2005.08.01"]
[SourceVersion "1"]
[SourceVersionDate "2005.08.01"]
[SourceQuality "1"]

1. e4 g6 2. d4 Bg7 3. Nc3 d6 4. Be3 c6 5. Qd2 b5 6. Bd3 Nd7 7. Nf3 Qc7 {
This move prevents the white breakthrough e4-e5, after Black's development
move Nf6. Other possibilities are:} (7... Nb6 {---> 1-0 De la Riva Aguado,
O-Conquest,S/Pamplona 2001/CBM 87/[Gofshtein,L] (40)}) (7... a6 {---> 1-0
Gallagher,J-Irzhanov,R/Luzern 1997/CBM 62/[Yudasin,L] (39)}) 8. O-O {White
tried immediately to create a target on the queenside by} (8. a4 {---> 1/2-1/2
Al Marri,O-Dzhumaev,M/Doha 2003/CBM 94/[Avrukh,B] (28)}) 8... Ngf6 9. Bh6 {
trading the dark-squared bishops. Another option is} (9. h3 O-O 10. Ne2 c5 $1
11. c3 {---> 1/2-1/2 Geller,J-Akopian,V/Sochi 2004/CBM 104_01/[Erenburg] (42)})
9... O-O 10. Bxg7 {White tried also:} (10. Ne2 c5 11. c3 Bb7 12. Ng3 c4 13. Bc2
e5 14. Rfe1 Rfe8 15. Bxg7 Kxg7 16. Rad1 Rad8 17. Qg5 Ng8 18. dxe5 Nxe5 19. Nd4
f6 20. Qd2 a6 21. f4 Nc6 $13 {1/2-1/2 De Vreugt,D-Milov,V/Open, Santo Domingo
DOM 2003 (40)}) (10. a4 b4 11. Ne2 c5 12. c3 bxc3 13. bxc3 e5 14. Ng3 Re8 15.
Nh4 Bh8 16. Nhf5 Nf8 17. dxe5 dxe5 18. Ne3 Be6 $6 19. c4 $14 {1-0 Moroz,
A-Rakhmangulov,A/Rovno 2000/CBM 076/[Finkel,A] (42)}) 10... Kxg7 11. Ne2 {
White had two main possibilities:  1) to transfer immediately his knight to g3,
thus, preparing to strengthen his centre with c2-c3 (like it was in the game)
2) first to force black to move the b-pawn forward, afterwards transfer ing
the knight to g3.} (11. a4 b4 12. Ne2 {[%cal Gc2c3]} c5 13. c3 {---> 0-1
Laveryd,P-Gavrikov,V/Katrineholm 1999/CBM 071/[Kaspi,A] (42)}) 11... c5 12. c3
{strengthening the centre.} a6 13. Ng3 e5 $146 {According to my database, this
position appeared for the first time. In preceding game black continued} (13...
h6 14. Rae1 Nb6 15. Qf4 Nc4 16. Qc1 Nb6 17. e5 dxe5 18. dxe5 Nfd5 19. Nh4 e6
20. Re4 Ne7 21. Rfe1 Nf5 22. Rg4 Nxg3 23. Rxg3 Nd5 24. Nxg6 fxg6 25. Rxg6+ Kf7
26. Qxh6 Ke8 27. Rg7 Bd7 28. Qg5 {1-0 Belikov,V-Sretenskij,N/Moscow 1996/CBM
056 ext (28)}) 14. Rad1 Re8 15. Bb1 {liberating the d-file for the heavy
pieces.} Nf8 {[%cal Yc8g4]} 16. h3 {covering the g4 square.} Ne6 {[%cal Ye6f4]}
17. Ne2 {covering the f4 square.} h6 {adding an option of g6-g5 with following
occupation of f4 square.} 18. Nh2 {preparing an f2-f4 advance on the kingside.}
Qa7 $11 {Black prevents white's breakthrough f2-f4, occupying with the queen
diagonal a7-g1.} ({Worth consideration:} 18... g5 $5) 19. b4 $1 {threatening
with bxc5 with following d4-d5.} (19. f4 $2 {is met by} cxd4 20. cxd4 exf4 21.
Nxf4 Ng5 $1 $17 {[%cal Yg5e4,Yf6e4,Ge8e4]}) 19... cxd4 20. cxd4 {[%cal Yd2b2,
Gb2g7] White forced Black to take on d4, and now he has an idea: To put
pressure along the a1-h8 diagonal.} Ng5 {attacking white's central pawn.} 21.
Ng3 (21. Nc3 exd4 22. Qxd4 Qxd4 23. Rxd4 Bb7 24. Rxd6 Ngxe4 {leads to the same
position like in the game.}) 21... Qxd4 $1 {This move is more exact, than} (
21... exd4 {, in view of} 22. Qb2 $1 Ngxe4 23. Nxe4 Nxe4 24. Rxd4 Nf6 25. Be4
$1 $36) (21... Bb7 22. d5 $1 $14 {and black's light-squared bishop is very
passive.}) 22. Qxd4 exd4 23. Rxd4 Bb7 24. Rxd6 (24. f3 $2 {looks awful, as it
robs from the h2 knight f3 square.} Rad8 (24... d5 25. e5 Nd7 26. f4 Ne6 27.
Rd2 $11) 25. Rfd1 d5 {[%cal Yg5e6]} 26. e5 Nd7 $15 27. f4 $141 $2 Ne6 $19 {
[%cal Ye6f4,Ge6d4]}) 24... Ngxe4 25. Nxe4 Bxe4 26. Bxe4 Rxe4 27. a3 Re2 ({
Black doesn't achieve anything after} 27... a5 {as well:} 28. bxa5 Rxa5 29. Rd3
Rea4 (29... Re2 30. Nf3 Ra2 (30... Ne4 31. Nd4 $11) 31. Nd4 $11) 30. Rb1 Rxa3
31. Rxa3 Rxa3 32. Rxb5 Ra1+ 33. Nf1 Ne4 {[%cal Ye4d2]} 34. Rb2 $11 {[%cal
Yg2g3,Yg1g2]}) 28. Ng4 {The simpliest way to get a draw.} Nxg4 29. hxg4 Ra2 30.
Rd3 Rc8 31. Rfd1 Rc4 32. Rf3 $11 {[%cal Yd1d7]} g5 33. g3 (33. Rd7 Rf4 34. Rxf4
gxf4 35. Rd3 $11) 33... Rc7 34. Kg2 Re2 35. Rd6 1/2-1/2

[Event "YUG-ch"]
[Site "Tivat"]
[Date "1994.??.??"]
[Round "2"]
[White "Abramovic, Bosko"]
[Black "Nikolic, Zivoslav"]
[Result "1-0"]
[WhiteElo "2500"]
[BlackElo "2485"]
[Annotator "Ernst,T"]
[PlyCount "79"]
[EventDate "1994.03.??"]
[EventType "tourn"]
[EventRounds "13"]
[EventCountry "YUG"]
[EventCategory "10"]
[SourceTitle "CBM 043"]
[Source "ChessBase"]
[SourceDate "1994.12.01"]
[SourceVersion "1"]
[SourceVersionDate "1994.12.01"]
[SourceQuality "1"]

1. d4 g6 2. Nf3 Bg7 3. e4 d6 4. Be2 Bg4 5. h3 $1 (5. Nc3 Nc6 6. Be3 (6. d5 Bxf3
7. Bxf3 Nd4 8. Bg4 c5 $1) 6... e5 7. d5 (7. dxe5 dxe5 $10) 7... Bxf3 8. Bxf3
Nd4 9. Bxd4 (9. Bg4 Ne7) 9... exd4 10. Nb5 c5 $13) 5... Bxf3 6. Bxf3 {^^} Nc6
7. c3 $1 e5 8. dxe5 $1 Nxe5 (8... dxe5 9. Qb3 $1 $36 (9. O-O Qxd1 10. Rxd1 Bh6
$10)) 9. Be2 Nf6 10. Nd2 O-O 11. O-O Re8 (11... d5 12. f4 Nc6 13. e5 $16) 12.
f4 Ned7 13. Bf3 Nc5 14. Qc2 c6 (14... a5 $142) 15. b4 Ne6 16. Nb3 Qc7 17. Be3
Re7 (17... d5 18. e5 Nd7 19. Nd4) 18. Rae1 Rae8 19. a4 Nf8 $6 (19... b6 $142)
20. Bf2 Ne6 21. g3 b6 22. Nd4 Nd8 23. Kg2 a6 24. Nb3 $16 Nd7 25. Rd1 c5 26.
bxc5 bxc5 27. Nd2 {><a6, d6} Nb7 28. Nc4 Nb6 29. Nxb6 Qxb6 30. Rb1 Qc7 31. Rfd1
{/\ e5} Na5 32. Qd3 $18 c4 33. Qxd6 Bxc3 34. Qxa6 Nb3 35. e5 Nd2 36. Rb7 Qc8
37. Rxe7 Qxa6 38. Rxe8+ Kg7 39. Bc5 h5 40. Be7 1-0